Fr. Conceicao Rodrigues College of Engineering

Jay Shelton = Solid Fuels Encyelopedia (Record no. 30905)

MARC details
000 -LEADER
fixed length control field 00349nam a2200157Ia 4500
082 ## - DEWEY DECIMAL CLASSIFICATION NUMBER
Classification number 697
Item number She
100 ## - MAIN ENTRY--PERSONAL NAME
Personal name Shelton/Jay W.
245 ## - TITLE STATEMENT
Title Jay Shelton = Solid Fuels Encyelopedia
260 ## - PUBLICATION, DISTRIBUTION, ETC.
Name of publisher, distributor, etc. Charlote: garden Way Pub.
Date of publication, distribution, etc. 1983
300 ## - PHYSICAL DESCRIPTION
Extent 268
546 ## - LANGUAGE NOTE
Language note ENGLISH
650 ## - SUBJECT ADDED ENTRY--TOPICAL TERM
Topical term or geographic name entry element General
654 ## - SUBJECT ADDED ENTRY--FACETED TOPICAL TERMS
Focus term solids Fuels
942 ## - ADDED ENTRY ELEMENTS (KOHA)
Koha item type Reference Book
Holdings
Withdrawn status Lost status Damaged status Not for loan Collection Home library Current library Shelving location Date acquired Total Checkouts Full call number Barcode Date last seen Price effective from Koha item type
        AFT Fr. Agnel's C.Rodrigues College of Engineering Fr. Agnel's C.Rodrigues College of Engineering   17/03/2023   697 She AFT6783 17/03/2023 17/03/2023 Reference Book